Short n' Sweet- Sabrina Carpenter - Statistics

General Stats
  • This quiz has been taken 83 times
  • The average score is 10 of 12
Answer Stats
Track # Title % Correct
Track 7 Espresso
100%
Track 1 Taste
95%
Track 2 Please Please Please
90%
Track 10 Juno
86%
Track 11 Lie To Girls
86%
Track 6 Bed Chem
85%
Track 4 Sharpest Tool
85%
Track 12 Don't Smile
81%
Track 3 Good Graces
81%
Track 9 Slim Pickins
75%
Track 5 Coincidence
73%
Track 8 Dumb & Poetic
71%
No matching quizzes found
Score Distribution
Percent of People with Each Score
Percentile by Number Answered
Your Score History
You have not taken this quiz